[Event "XVIII Weekend A"]
[Site "Ceriano Laghetto ITA"]
[Date "2009.03.29"]
[Round "4"]
[White "Gagliardi, Christian"]
[Black "Aranovitch, Emiliano"]
[Result "1/2-1/2"]
[WhiteElo "2209"]
[BlackElo "2375"]
[PlyCount "75"]
[EventDate "2009.03.27"]

1. e4 c5 2. Nf3 e6 3. d4 cxd4 4. Nxd4 Nc6 5. Nc3 Qc7 6. g3 a6 7. Bg2 Nf6 8. O-O
Bb4 9. Nce2 O-O 10. h3 Be7 11. c4 d6 12. Be3 Bd7 13. b3 Rab8 14. Qd2 Rfc8 15.
f4 Bf8 16. g4 Qa5 17. Qxa5 Nxa5 18. e5 Ne8 19. Ng3 b5 20. cxb5 axb5 21. exd6
Nxd6 22. Rac1 Ne8 23. Ne4 Ba3 24. Rc2 Kf8 25. Rff2 Nd6 26. Nxd6 Bxd6 27. Bf1 b4
28. Ba6 Rxc2 29. Rxc2 Ke7 30. Kf2 f6 31. Bd3 g6 32. Be4 Rc8 33. Rxc8 Bxc8 34.
Nc2 Bd7 35. Nd4 Bc8 36. Nb5 Bb7 37. Nd4 Bc8 38. Bd3 1/2-1/2

[Event "XVIII Weekend A"]
[Site "Ceriano Laghetto ITA"]
[Date "2009.03.29"]
[Round "4"]
[White "Genocchio, Daniele"]
[Black "Lapiccirella, Daniele"]
[Result "1/2-1/2"]
[WhiteElo "2440"]
[BlackElo "2197"]
[PlyCount "98"]
[EventDate "2009.03.27"]

1. e4 c5 2. Nf3 e6 3. d4 cxd4 4. Nxd4 Nc6 5. Nc3 a6 6. g3 Qc7 7. Bg2 Nf6 8. O-O
Nxd4 9. Qxd4 Bc5 10. Bf4 d6 11. Qd3 Ng4 12. Na4 e5 13. Bd2 Be6 14. Nxc5 dxc5
15. a4 O-O 16. a5 Rfd8 17. Qc3 Rd4 18. b3 Rc8 19. f3 Nf6 20. Be3 Rb4 21. Rfd1
Ne8 22. Rd3 f6 23. Qd2 c4 24. Qxb4 cxd3 25. c4 f5 26. Bh3 Qd7 27. exf5 Bxf5 28.
Bxf5 Qxf5 29. Qxb7 Rd8 30. g4 Qf6 31. Rd1 Nd6 32. Qc6 e4 33. Qd5+ Kh8 34. Qg5
Qf8 35. Qf4 Qe7 36. Qg5 Qf8 37. Qf4 Qe7 38. Bc5 exf3 39. Qxf3 d2 40. Kg2 Rf8
41. Bxd6 Qxd6 42. Qe3 Rd8 43. Qf3 Rf8 44. Qe3 Rd8 45. Kg1 h6 46. Kg2 Qc6+ 47.
Kg1 Qd6 48. Kg2 Qc6+ 49. Kg1 Qd6 1/2-1/2

[Event "XVIII Weekend A"]
[Site "Ceriano Laghetto ITA"]
[Date "2009.03.29"]
[Round "4"]
[White "Petrov, Vladimir Olegov"]
[Black "Lapiccirella, Mattia"]
[Result "1/2-1/2"]
[WhiteElo "2009"]
[BlackElo "2233"]
[PlyCount "44"]
[EventDate "2009.03.27"]

1. e4 c5 2. c3 d5 3. exd5 Qxd5 4. d4 Nf6 5. Nf3 Bg4 6. Be2 e6 7. O-O Be7 8. Be3
cxd4 9. cxd4 Nc6 10. Nc3 Qd6 11. Qb3 O-O 12. Rfd1 Qb4 13. h3 Bh5 14. d5 Qxb3
15. axb3 exd5 16. Nxd5 Bd8 17. b4 Nxd5 18. Rxd5 Bxf3 19. Bxf3 Bf6 20. Rd7 Bxb2
21. Ra2 Bc3 22. Rxb7 Nxb4 1/2-1/2

[Event "XVIII Weekend A"]
[Site "Ceriano Laghetto ITA"]
[Date "2009.03.29"]
[Round "4"]
[White "Ranfagni, Stefano"]
[Black "Aglietti, Graziano"]
[Result "1/2-1/2"]
[WhiteElo "2041"]
[BlackElo "2019"]
[PlyCount "70"]
[EventDate "2009.03.27"]

1. e4 e6 2. d4 d5 3. Nd2 Nf6 4. e5 Nfd7 5. Bd3 c5 6. c3 Nc6 7. Ne2 cxd4 8. cxd4
Qb6 9. Nf3 f6 10. exf6 Nxf6 11. O-O Bd6 12. Re1 O-O 13. Nc3 Bd7 14. Rb1 Kh8 15.
Be3 Rac8 16. Ng5 Ne7 17. a3 Nf5 18. Nf3 Ng4 19. h3 Ngxe3 20. fxe3 Bg3 21. Bxf5
Rxf5 22. Rf1 Rcf8 23. Qe2 a6 24. a4 h6 25. Qc2 Bc6 26. Ne2 Bb8 27. Nh4 Rxf1+
28. Rxf1 Bh2+ 29. Kxh2 Rxf1 30. Ng6+ Kg8 31. Nef4 Qb4 32. Nd3 Qd6+ 33. Ndf4 Qb4
34. Nd3 Qd6+ 35. Ndf4 Qb4 1/2-1/2

[Event "XVIII Weekend A"]
[Site "Ceriano Laghetto ITA"]
[Date "2009.03.29"]
[Round "4"]
[White "Vezzosi, Paolo"]
[Black "La Manna, Andrea"]
[Result "1/2-1/2"]
[WhiteElo "2374"]
[BlackElo "2167"]
[PlyCount "53"]
[EventDate "2009.03.27"]

1. c4 f5 2. Nc3 Nf6 3. d3 g6 4. e4 fxe4 5. dxe4 d6 6. h3 e5 7. Be3 c5 8. Bd3
Nc6 9. Nge2 Bg7 10. Nd5 O-O 11. Nec3 Be6 12. Qd2 Nd4 13. O-O-O Nh5 14. Kb1 Qd7
15. Rdf1 Rab8 16. g4 Bxd5 17. gxh5 Bf7 18. hxg6 Bxg6 19. f4 exf4 20. Bxf4 Rbe8
21. Qg2 Kh8 22. Rf2 Ne6 23. Nd5 Bd4 24. Rff1 Nxf4 25. Nxf4 Qg7 26. Nxg6+ Qxg6
27. Qxg6 1/2-1/2

[Event "XVIII Weekend A"]
[Site "Ceriano Laghetto ITA"]
[Date "2009.03.29"]
[Round "5"]
[White "Aranovitch, Emiliano"]
[Black "La Manna, Francesco"]
[Result "1-0"]
[WhiteElo "2375"]
[BlackElo "2156"]
[PlyCount "30"]
[EventDate "2009.03.27"]

1. e4 d6 2. d4 Nf6 3. Nc3 c6 4. f4 Qa5 5. Bd3 e5 6. Nf3 Bg4 7. Be3 Nbd7 8. a3
Be7 9. O-O O-O 10. h3 Bh5 11. Kh1 Rad8 12. g4 exf4 13. Bd2 Qc7 14. gxh5 Nxh5
15. Ne2 Rde8 1-0

[Event "XVIII Weekend A"]
[Site "Ceriano Laghetto ITA"]
[Date "2009.03.29"]
[Round "5"]
[White "Bemporad, Filippo"]
[Black "Vezzosi, Paolo"]
[Result "1/2-1/2"]
[WhiteElo "2061"]
[BlackElo "2374"]
[PlyCount "37"]
[EventDate "2009.03.27"]

1. d4 Nf6 2. Nf3 c5 3. c4 cxd4 4. Nxd4 g6 5. Nc3 Bg7 6. e4 d6 7. Be2 Nc6 8. Be3
O-O 9. O-O Nxd4 10. Bxd4 Be6 11. b3 Qa5 12. Qd3 Nd7 13. Bxg7 Kxg7 14. f4 Nf6
15. Kh1 Rad8 16. Kg1 Ra8 17. f5 Bd7 18. Nd5 Be6 19. Nc3 1/2-1/2

[Event "XVIII Weekend A"]
[Site "Ceriano Laghetto ITA"]
[Date "2009.03.29"]
[Round "5"]
[White "Bozzali, Ermanno"]
[Black "Ranfagni, Stefano"]
[Result "1-0"]
[WhiteElo "2140"]
[BlackElo "2041"]
[PlyCount "101"]
[EventDate "2009.03.27"]

1. e4 e5 2. Nf3 Nf6 3. Nxe5 d6 4. Nf3 Nxe4 5. Nc3 Nxc3 6. dxc3 Be7 7. Bf4 Nc6
8. Qd2 Be6 9. Bb5 a6 10. Bd3 Qd7 11. O-O h6 12. Nd4 Nxd4 13. cxd4 d5 14. Rfe1
Bf5 15. Qb4 Be6 16. Qxb7 O-O 17. Qxc7 Qxc7 18. Bxc7 Rfc8 19. Ba5 Rab8 20. Rab1
Bf6 21. c3 Rc6 22. Re2 g6 23. Rbe1 Kg7 24. h3 Be7 25. a3 h5 26. Bb4 Bd8 27. Bc5
Rb3 28. Rb1 a5 29. Bc2 Rb8 30. b4 Bf5 31. Bxf5 gxf5 32. Re5 Bb6 33. bxa5 Bc7
34. Rxb8 Bxe5 35. Rb6 Rc8 36. a6 Bb8 37. Rb7 Re8 38. Kf1 h4 39. a7 Bf4 40. Re7
Rc8 41. Ke2 Kf6 42. Kd3 Bh2 43. c4 dxc4+ 44. Kxc4 Bd6 45. Rd7 Bf8 46. Kb5 Ke6
47. Rb7 Bxc5 48. dxc5 Kd5 49. c6 Kd6 50. Rb8 Rxc6 51. a8=Q 1-0

[Event "XVIII Weekend A"]
[Site "Ceriano Laghetto ITA"]
[Date "2009.03.29"]
[Round "5"]
[White "De Filomeno, Simone"]
[Black "Berni, Fabrizio"]
[Result "1/2-1/2"]
[WhiteElo "2195"]
[BlackElo "2136"]
[PlyCount "91"]
[EventDate "2009.03.27"]

1. e4 Nf6 2. e5 Nd5 3. d4 d6 4. Nf3 dxe5 5. Nxe5 c6 6. Be2 g6 7. O-O Bg7 8. c4
Nf6 9. Nc3 O-O 10. h3 Qb6 11. Na4 Qd8 12. Be3 Nbd7 13. Nf3 Qa5 14. Nc3 Re8 15.
a3 Qc7 16. b4 Nh5 17. Qd2 e5 18. d5 Nf4 19. d6 Qd8 20. c5 Nxe2+ 21. Nxe2 Nf6
22. Rad1 Be6 23. Nc3 Nd5 24. Ng5 Nxe3 25. Qxe3 Bd7 26. Nce4 h6 27. Nf3 f5 28.
Ned2 Qf6 29. Nc4 e4 30. Nd4 f4 31. Qb3 Kh8 32. f3 e3 33. Ne2 Qg5 34. Kh2 Rf8
35. Nb2 Rf5 36. Nd3 Raf8 37. Rh1 Qh4 38. Qc4 g5 39. Kg1 Rd5 40. Kh2 Bxh3 41.
Rdf1 Bf5+ 42. Kg1 Bxd3 43. Qc1 Qxh1+ 44. Kxh1 Bxe2 45. Re1 Rd2 46. Qb1 1/2-1/2

[Event "XVIII Weekend A"]
[Site "Ceriano Laghetto ITA"]
[Date "2009.03.29"]
[Round "5"]
[White "La Manna, Andrea"]
[Black "Genocchio, Daniele"]
[Result "0-1"]
[WhiteElo "2167"]
[BlackElo "2440"]
[PlyCount "74"]
[EventDate "2009.03.27"]

1. d4 Nc6 2. Nf3 d6 3. c4 e5 4. dxe5 dxe5 5. Qxd8+ Kxd8 6. Nc3 f6 7. e4 Nb4 8.
Kd1 Bc5 9. Be3 Bxe3 10. fxe3 a5 11. a3 Nc6 12. b3 Nh6 13. Bd3 Be6 14. Ke2 Nf7
15. Nh4 Bg4+ 16. Kd2 Ne7 17. Nf5 h5 18. Rhf1 h4 19. c5 Bxf5 20. exf5 Rh5 21. h3
Nh6 22. e4 Nc6 23. Nd1 Nf7 24. Bc4 Ng5 25. Nf2 Ke7 26. Kc3 Rhh8 27. Rfd1 Rhd8
28. Rxd8 Rxd8 29. b4 Rd4 30. bxa5 Nxa5 31. Bd3 Kd7 32. Rb1 Kc6 33. Rb4 Rd8 34.
Ng4 Ra8 35. Ne3 Kxc5 36. Nd5 Kd6 37. Kb2 b6 0-1

[Event "XVIII Weekend A"]
[Site "Ceriano Laghetto ITA"]
[Date "2009.03.29"]
[Round "5"]
[White "Lapiccirella, Mattia"]
[Black "Cazzaniga, Walter"]
[Result "1/2-1/2"]
[WhiteElo "2233"]
[BlackElo "2192"]
[PlyCount "62"]
[EventDate "2009.03.27"]

1. d4 d5 2. c4 c6 3. Nf3 e6 4. e3 f5 5. Bd3 Nf6 6. O-O Bd6 7. b3 Qe7 8. Bb2 O-O
9. Qc1 Ne4 10. Ba3 Bxa3 11. Qxa3 Qf6 12. b4 Nd7 13. b5 c5 14. Nc3 Nxc3 15. Qxc3
b6 16. cxd5 exd5 17. Rfc1 c4 18. Bf1 Bb7 19. Ne5 Qe6 20. a4 a5 21. g3 Nf6 22.
f3 Rac8 23. Bg2 Rc7 24. Ra2 Kh8 25. h3 g5 26. Rf1 Nh5 27. Kh2 f4 28. exf4 gxf4
29. g4 Ng3 30. Re1 Qf6 31. Rc2 Rg7 1/2-1/2

[Event "XVIII Weekend A"]
[Site "Ceriano Laghetto ITA"]
[Date "2009.03.29"]
[Round "5"]
[White "Petrov, Vladimir Olegov"]
[Black "Codenotti, Marco"]
[Result "1/2-1/2"]
[WhiteElo "2009"]
[BlackElo "1992"]
[PlyCount "49"]
[EventDate "2009.03.27"]

1. e4 c5 2. c3 d6 3. d4 Nf6 4. Bd3 g6 5. Ne2 Bg7 6. O-O O-O 7. Nd2 Nc6 8. d5
Ne5 9. Bc2 b5 10. h3 a6 11. f4 Ned7 12. Nf3 Bb7 13. g4 Nb6 14. Ng3 a5 15. g5
Nfd7 16. Qe1 b4 17. f5 Nc4 18. Kh1 a4 19. cxb4 a3 20. b3 Bxa1 21. bxc4 Bg7 22.
b5 Ne5 23. Nxe5 Bxe5 24. Bd2 e6 25. f6 1/2-1/2

[Event "XVIII Weekend B"]
[Site "Ceriano Laghetto ITA"]
[Date "2009.03.27"]
[Round "1"]
[White "Bernasconi, Roberto"]
[Black "Colombo, Samuel"]
[Result "1/2-1/2"]
[WhiteElo "1929"]
[BlackElo "1781"]
[PlyCount "62"]
[EventDate "2009.03.27"]

1. e4 e6 2. d4 d5 3. Nd2 c5 4. exd5 Qxd5 5. Ngf3 cxd4 6. Bc4 Qd7 7. O-O Nf6 8.
Nb3 Nc6 9. Nbxd4 Nxd4 10. Qxd4 Qxd4 11. Nxd4 a6 12. Re1 Be7 13. Bg5 O-O 14. c3
Re8 15. Rad1 b5 16. Bb3 Bd7 17. Nf3 Bc6 18. Ne5 Bd5 19. Bxd5 Nxd5 20. Bxe7 Rxe7
21. Rd4 Rc7 22. f4 g6 23. g4 Ne7 24. Red1 Nc6 25. Nxc6 Rxc6 26. Kf2 Rac8 27.
Ke3 Kg7 28. a4 bxa4 29. Rxa4 Rb8 30. Rd2 Rb3 31. h4 Rcb6 1/2-1/2

[Event "XVIII Weekend B"]
[Site "Ceriano Laghetto ITA"]
[Date "2009.03.27"]
[Round "1"]
[White "Brioschi, Camillo"]
[Black "Dogic, Mirhad"]
[Result "0-1"]
[WhiteElo "1872"]
[BlackElo "1685"]
[PlyCount "76"]
[EventDate "2009.03.27"]

1. d4 f5 2. c4 Nf6 3. Nc3 g6 4. Nf3 Bg7 5. g3 O-O 6. Bg2 d6 7. Be3 c6 8. Qd2
Na6 9. O-O Nc7 10. Bh6 Bxh6 11. Qxh6 Ng4 12. Qh4 e6 13. Qxd8 Rxd8 14. Rfe1 Bd7
15. e4 fxe4 16. Nxe4 d5 17. cxd5 exd5 18. Nc5 Bf5 19. Re7 Ne8 20. Nh4 Nd6 21.
Nxb7 Nxb7 22. Rxb7 Bd3 23. h3 Nf6 24. Bf1 Bxf1 25. Kxf1 Ne4 26. Kg2 Nd6 27. Rc7
Nb5 28. Rxc6 Nxd4 29. Rc7 Nb5 30. Rc5 Rab8 31. Nf3 d4 32. a4 Nd6 33. Rd5 Nf5
34. Rxd8+ Rxd8 35. Rd1 Rb8 36. g4 Ng7 37. Rxd4 Ne6 38. Re4 Nc5 0-1

[Event "XVIII Weekend B"]
[Site "Ceriano Laghetto ITA"]
[Date "2009.03.27"]
[Round "1"]
[White "Cervini, Gian Piero"]
[Black "Bellotto, Stefano"]
[Result "0-1"]
[WhiteElo "1819"]
[BlackElo "1992"]
[PlyCount "54"]
[EventDate "2009.03.27"]

1. e4 d6 2. d4 Nf6 3. Nc3 c6 4. Be2 g6 5. Bg5 Bg7 6. Qd2 h6 7. Be3 Nbd7 8. f4
b5 9. e5 b4 10. exf6 bxc3 11. Qxc3 Bxf6 12. Qxc6 Rb8 13. Qc3 Qb6 14. O-O-O O-O
15. f5 Bg7 16. fxg6 fxg6 17. Bc4+ Kh7 18. Nf3 Bb7 19. Bb3 Bxf3 20. gxf3 Rxf3
21. Rhf1 Rbf8 22. Rxf3 Rxf3 23. Qc4 Nf6 24. Qe6 h5 25. Qxe7 Rxe3 26. Qxe3 Bh6
27. Kd2 Qxd4+ 0-1

[Event "XVIII Weekend B"]
[Site "Ceriano Laghetto ITA"]
[Date "2009.03.27"]
[Round "1"]
[White "Clerici, Samuele"]
[Black "Riboldi, Raffaele"]
[Result "1-0"]
[WhiteElo "1773"]
[BlackElo "1926"]
[PlyCount "79"]
[EventDate "2009.03.27"]

1. e4 e6 2. d4 d5 3. Nc3 Bb4 4. exd5 exd5 5. Bd2 Nc6 6. Nf3 Bg4 7. Bb5 Nge7 8.
O-O O-O 9. Be3 a6 10. Be2 Qd7 11. Qd2 Rae8 12. Rad1 Bd6 13. h3 Bh5 14. Ne5 Nxe5
15. Bxh5 Nc4 16. Qc1 Nxe3 17. fxe3 c6 18. e4 dxe4 19. Nxe4 Bb8 20. Rd3 Ng6 21.
Bxg6 hxg6 22. Ng5 Qd6 23. Nf3 f6 24. Re3 Qg3 25. Rxe8 Rxe8 26. Re1 Kf7 27. Rxe8
Kxe8 28. Qe3+ Kf7 29. Qb3+ Kf8 30. Qxb7 Bf4 31. Qxc6 Be3+ 32. Kh1 Qf2 33. Qc4
g5 34. Qxa6 Bf4 35. Qd3 Kg8 36. d5 f5 37. d6 g4 38. d7 gxf3 39. d8=Q+ Kh7 40.
Qxf5+ 1-0

[Event "XVIII Weekend B"]
[Site "Ceriano Laghetto ITA"]
[Date "2009.03.27"]
[Round "1"]
[White "Donghi, Fabio"]
[Black "Lanni, Vincenzo"]
[Result "1/2-1/2"]
[WhiteElo "1670"]
[BlackElo "1870"]
[PlyCount "99"]
[EventDate "2009.03.27"]

1. Nf3 g6 2. d4 Bg7 3. c3 d5 4. Bf4 Nf6 5. h3 Nbd7 6. e3 O-O 7. Bd3 c5 8. Nbd2
Re8 9. O-O Nh5 10. Bh2 e5 11. dxe5 Nxe5 12. Nxe5 Bxe5 13. Bxe5 Rxe5 14. Nf3 Re8
15. Bb5 Bd7 16. Qa4 Bxb5 17. Qxb5 Qc7 18. Rad1 Nf6 19. Qb3 Rad8 20. c4 dxc4 21.
Qxc4 b6 22. Qh4 Kg7 23. Qc4 h6 24. Qc3 b5 25. Rxd8 Rxd8 26. Nd2 Qe7 27. Nb3 c4
28. Nd4 Qb7 29. Qa5 Rd5 30. Rd1 Rg5 31. g3 Ne4 32. Qe1 Kh7 33. Ne2 Rf5 34. f4
g5 35. g4 Rd5 36. Rxd5 Qxd5 37. Nc3 Nxc3 38. bxc3 a5 39. fxg5 hxg5 40. Qb1+ Kg7
41. e4 Qc5+ 42. Kg2 b4 43. cxb4 axb4 44. Kf3 c3 45. Qc1 Qe5 46. Qc2 Kf6 47. Kg2
Qd4 48. Kf3 Ke5 49. Qh2+ Ke6 50. Qc2 1/2-1/2

[Event "XVIII Weekend B"]
[Site "Ceriano Laghetto ITA"]
[Date "2009.03.27"]
[Round "1"]
[White "Fornasir, Carlo Gustavo"]
[Black "Casale, Anania"]
[Result "1-0"]
[WhiteElo "1886"]
[BlackElo "1719"]
[PlyCount "87"]
[EventDate "2009.03.27"]

1. e4 c5 2. c3 d5 3. exd5 Qxd5 4. Nf3 Nf6 5. d4 e6 6. Be2 Be7 7. O-O O-O 8. Ne5
cxd4 9. cxd4 Rd8 10. Be3 Bd6 11. Nc3 Qa5 12. Nc4 Qc7 13. Nb5 Bxh2+ 14. Kh1 Qd7
15. Nxa7 Rxa7 16. Kxh2 Nd5 17. Bg5 f6 18. Be3 Nc6 19. Qb3 Qc7+ 20. g3 Qd7 21.
Bf3 Nxe3 22. fxe3 Na5 23. Nxa5 Rxa5 24. Rac1 Rb5 25. Qc3 Qd6 26. b3 Rg5 27. Qc7
Qxc7 28. Rxc7 b6 29. Rfc1 Ba6 30. R1c6 Rf5 31. Kg2 Bf1+ 32. Kf2 Bd3 33. Rxe6
Ra8 34. g4 Rxa2+ 35. Kg3 Rxf3+ 36. Kxf3 h5 37. gxh5 Be2+ 38. Ke4 Bxh5 39. Rxb6
Ra5 40. Rc5 Bg6+ 41. Kf4 Ra2 42. Rc7 Ra5 43. e4 Bh5 44. Rc5 1-0

[Event "XVIII Weekend B"]
[Site "Ceriano Laghetto ITA"]
[Date "2009.03.27"]
[Round "1"]
[White "Fragni, Enrico"]
[Black "Olivo, Mario"]
[Result "1/2-1/2"]
[WhiteElo "1769"]
[BlackElo "1899"]
[PlyCount "59"]
[EventDate "2009.03.27"]

1. d4 Nf6 2. c4 e6 3. Nc3 Bb4 4. Bd2 c5 5. e3 cxd4 6. exd4 O-O 7. Nf3 d6 8. Be2
b6 9. Qc2 Bb7 10. a3 Bxc3 11. bxc3 Ne4 12. O-O f5 13. Rad1 Nd7 14. Bc1 Ndf6 15.
Ne1 d5 16. f3 Nd6 17. c5 Nf7 18. Nd3 Qc7 19. Bf4 Qe7 20. Rfe1 g5 21. Bc1 Nd7
22. cxb6 axb6 23. Bf1 Rfc8 24. Bb2 Nd6 25. Ne5 Nxe5 26. Rxe5 Nf7 27. Ree1 Bc6
28. Qxf5 Re8 29. Qh3 Qf6 30. Bd3 1/2-1/2

[Event "XVIII Weekend B"]
[Site "Ceriano Laghetto ITA"]
[Date "2009.03.27"]
[Round "1"]
[White "Kimbin, Richard Conrod"]
[Black "Veronelli, Franco"]
[Result "1-0"]
[WhiteElo "1834"]
[BlackElo "1617"]
[PlyCount "43"]
[EventDate "2009.03.27"]

1. Nf3 d5 2. d3 Nc6 3. g3 e5 4. Bg2 Nf6 5. O-O Bg4 6. h3 Be6 7. Nbd2 Qd7 8. Ng5
O-O-O 9. Nxe6 fxe6 10. c4 Bc5 11. a3 Nh5 12. Kh2 Rhf8 13. e3 Qf7 14. b4 Be7 15.
Qa4 Qg6 16. b5 Rxf2 17. Rxf2 Qxg3+ 18. Kg1 Qxe3 19. Nf1 Qe1 20. bxc6 Bh4 21.
cxb7+ Kb8 22. Be3 1-0

[Event "XVIII Weekend B"]
[Site "Ceriano Laghetto ITA"]
[Date "2009.03.27"]
[Round "1"]
[White "Magistroni, Imerio"]
[Black "Colombo, Sandro"]
[Result "0-1"]
[WhiteElo "1632"]
[BlackElo "1844"]
[PlyCount "52"]
[EventDate "2009.03.27"]

1. d4 d5 2. c4 dxc4 3. e4 e5 4. Nf3 exd4 5. Bxc4 Bb4+ 6. Nbd2 c5 7. Qb3 Nh6 8.
O-O O-O 9. Ne5 Qf6 10. Ndf3 Be6 11. a3 Bxc4 12. Qxc4 Ba5 13. Qxc5 Bb6 14. Qc4
Re8 15. Bg5 Qe6 16. Bxh6 gxh6 17. Qxe6 Rxe6 18. Rfe1 Nc6 19. Nd3 Rae8 20. Nd2
Ne5 21. Nxe5 Rxe5 22. f3 Rc8 23. Rac1 Rec5 24. Nb3 Rxc1 25. Rxc1 Rxc1+ 26. Nxc1
d3+ 0-1

[Event "XVIII Weekend B"]
[Site "Ceriano Laghetto ITA"]
[Date "2009.03.27"]
[Round "1"]
[White "Marchesotti, Giovanni"]
[Black "Guzzetti, Luigi Enrico"]
[Result "0-1"]
[WhiteElo "1660"]
[BlackElo "1854"]
[PlyCount "66"]
[EventDate "2009.03.27"]

1. e4 c5 2. Nf3 e6 3. d4 cxd4 4. Nxd4 a6 5. Nc3 Qc7 6. Bd3 Nf6 7. O-O Be7 8.
Be3 b5 9. Qe2 O-O 10. Rad1 Bb7 11. f3 Nc6 12. Nxc6 dxc6 13. Qf2 c5 14. a3 Rac8
15. b3 c4 16. Bb6 Qc6 17. bxc4 bxc4 18. Be2 Bxa3 19. Ra1 Bb2 20. Bd4 Bxa1 21.
Bxf6 gxf6 22. Rxa1 Qc5 23. Ra4 Qxf2+ 24. Kxf2 Rc7 25. Na2 Rd8 26. Ke3 Rdc8 27.
c3 Rc5 28. Nb4 a5 29. Nc2 Bc6 30. Ra1 e5 31. Na3 Bd7 32. Nxc4 Rxc4 33. Bxc4
Rxc4 0-1

[Event "XVIII Weekend B"]
[Site "Ceriano Laghetto ITA"]
[Date "2009.03.27"]
[Round "1"]
[White "Mouflih, Caesar Faycal"]
[Black "Pepa, Syrja"]
[Result "1-0"]
[WhiteElo "1593"]
[BlackElo "1830"]
[PlyCount "141"]
[EventDate "2009.03.27"]

1. e4 e5 2. Nf3 Nc6 3. Bc4 Be7 4. d4 exd4 5. Nxd4 d6 6. Nxc6 bxc6 7. O-O Bf6 8.
f4 Be6 9. Bxe6 fxe6 10. Qf3 Bd4+ 11. Kh1 Ne7 12. c3 Bb6 13. Qg4 Kf7 14. f5 exf5
15. exf5 Nd5 16. Bg5 Nf6 17. Qc4+ d5 18. Qxc6 Qd7 19. Qxd7+ Nxd7 20. Nd2 Rhe8
21. Rae1 h6 22. Bh4 Ne5 23. Nb3 Nd3 24. Rd1 Re3 25. Rd2 c6 26. Rfd1 Re4 27. Bg3
Nf4 28. Nd4 Bxd4 29. Rxd4 Ne2 30. Rxe4 Nxg3+ 31. hxg3 dxe4 32. Rd6 Rb8 33. b3
Rb5 34. g4 h5 35. Re6 hxg4 36. Rxe4 Rxf5 37. Rxg4 Ra5 38. a4 Rc5 39. Rg3 a5 40.
Kg1 g5 41. Kf2 Re5 42. Re3 Rd5 43. Ke2 Kf6 44. Rd3 Re5+ 45. Kd2 Kf5 46. Rd4 c5
47. g4+ Ke6 48. Rd8 Re4 49. Re8+ Kd5 50. c4+ Kd4 51. Rd8+ Ke5 52. Rd5+ Kf4 53.
Rxc5 Kxg4 54. Rxa5 Kf4 55. Ra8 Kf3 56. Rg8 g4 57. Rf8+ Rf4 58. Re8 g3 59. a5 g2
60. Re1 Re4 61. Rg1 Kf2 62. Rxg2+ Kxg2 63. Kd3 Kf3 64. b4 Kf4 65. a6 Ke5 66. b5
Rh4 67. b6 Rh3+ 68. Kc2 Kd6 69. a7 Rh8 70. b7 Kc7 71. a8=Q 1-0

[Event "XVIII Weekend B"]
[Site "Ceriano Laghetto ITA"]
[Date "2009.03.27"]
[Round "1"]
[White "Nepi, Ezio"]
[Black "Bertamini, Alberto"]
[Result "1-0"]
[WhiteElo "1822"]
[BlackElo "1592"]
[PlyCount "48"]
[EventDate "2009.03.27"]

1. d4 Nf6 2. Bg5 d5 3. Bxf6 exf6 4. e3 Bf5 5. Nd2 Nd7 6. g3 Nb6 7. Bg2 Qd6 8.
Ne2 c6 9. O-O h5 10. b3 h4 11. c4 Qc7 12. cxd5 cxd5 13. Rc1 Qd7 14. Re1 g5 15.
e4 dxe4 16. Nxe4 Bxe4 17. Bxe4 hxg3 18. Nxg3 Qh3 19. Bg2+ Qe6 20. Bxb7 Rb8 21.
Bc6+ Kd8 22. Rxe6 fxe6 23. Qf3 f5 24. Qe2 Rh6 1-0

[Event "XVIII Weekend B"]
[Site "Ceriano Laghetto ITA"]
[Date "2009.03.27"]
[Round "1"]
[White "Palminteri, Vincenzo"]
[Black "Raineri, Pieroberto"]
[Result "1-0"]
[WhiteElo "1863"]
[BlackElo "1669"]
[PlyCount "67"]
[EventDate "2009.03.27"]

1. e4 c5 2. Nf3 d6 3. d4 cxd4 4. Qxd4 Nc6 5. Bb5 Bd7 6. Bxc6 Bxc6 7. Nc3 Nf6 8.
Bg5 e5 9. Qd3 Be7 10. O-O-O Ng4 11. Bxe7 Qxe7 12. Rhf1 O-O 13. Qxd6 Qe8 14. h3
Nf6 15. Rfe1 Rd8 16. Qxe5 Bxe4 17. Qxe8 Rfxe8 18. Nxe4 Rxe4 19. Rxe4 Nxe4 20.
Ne5 f6 21. Nd3 Kf7 22. f3 Ng3 23. Rd2 Re8 24. Kd1 g5 25. Rf2 Nh1 26. Re2 Ng3
27. Rxe8 Kxe8 28. Nc5 b6 29. Ne4 Nh5 30. Ke1 Ke7 31. Kf2 Nf4 32. Kg3 Ke6 33. h4
gxh4+ 34. Kxf4 1-0

[Event "XVIII Weekend B"]
[Site "Ceriano Laghetto ITA"]
[Date "2009.03.27"]
[Round "1"]
[White "Rapetti, Giuseppe"]
[Black "Cardani, Roberto"]
[Result "0-1"]
[WhiteElo "1785"]
[BlackElo "1940"]
[PlyCount "62"]
[EventDate "2009.03.27"]

1. d4 Nf6 2. c4 e6 3. Nc3 Bb4 4. Qc2 O-O 5. a3 Bxc3+ 6. Qxc3 b6 7. Bg5 Bb7 8.
f3 h6 9. Bh4 d5 10. cxd5 Nxd5 11. Bxd8 Nxc3 12. Bh4 Nd5 13. Bf2 Nd7 14. e3 c5
15. Bb5 Rfd8 16. Bxd7 Rxd7 17. dxc5 bxc5 18. Ne2 Ba6 19. Rc1 Rad8 20. e4 Nb6
21. Be3 Nc4 22. Bxc5 Nxb2 23. Kf1 Rd1+ 24. Kf2 Rxh1 25. Rxh1 Nd3+ 26. Kg3 Nxc5
27. Nf4 g5 28. Nh5 f5 29. exf5 exf5 30. Rc1 f4+ 31. Nxf4 gxf4+ 0-1

[Event "XVIII Weekend B"]
[Site "Ceriano Laghetto ITA"]
[Date "2009.03.27"]
[Round "1"]
[White "Regorda, Massimiliano"]
[Black "Greco, Umberto"]
[Result "0-1"]
[WhiteElo "1919"]
[BlackElo "1773"]
[PlyCount "100"]
[EventDate "2009.03.27"]

1. e4 c5 2. Nf3 d6 3. Bb5+ Bd7 4. Bxd7+ Qxd7 5. d4 cxd4 6. Nxd4 Nc6 7. O-O Nf6
8. Nc3 g6 9. Re1 Nxd4 10. Qxd4 Bg7 11. Bg5 Qg4 12. Be3 O-O 13. h3 Qe6 14. Rad1
Ng4 15. Qb4 Bxc3 16. Qxc3 Rac8 17. Qb4 Nxe3 18. Rxe3 Rxc2 19. Qxb7 Qxa2 20. Rb3
Rfc8 21. Rdd3 R8c7 22. Qb8+ Kg7 23. Rf3 Qa5 24. Qe8 Rc1+ 25. Kh2 Qe5+ 26. g3
Qe6 27. Rb8 Rc8 28. Rxc8 Rxc8 29. Qa4 Rc4 30. Qxa7 Rxe4 31. Re3 Rxe3 32. fxe3
Qf6 33. Kg1 Qxb2 34. Qxe7 Qe5 35. Qxe5+ dxe5 36. Kf2 e4 37. g4 f5 38. Kg3 Kf6
39. h4 g5 40. hxg5+ Kxg5 41. gxf5 Kxf5 42. Kh4 Ke5 43. Kg5 Kd5 44. Kf5 h6 45.
Kf4 h5 46. Kf5 h4 47. Kg4 Kc4 48. Kxh4 Kd3 49. Kg3 Kxe3 50. Kg2 Kd2 0-1

[Event "XVIII Weekend B"]
[Site "Ceriano Laghetto ITA"]
[Date "2009.03.27"]
[Round "1"]
[White "Regorda, Vittorio"]
[Black "Campesato, Adriano"]
[Result "1-0"]
[WhiteElo "1848"]
[BlackElo "1655"]
[PlyCount "63"]
[EventDate "2009.03.27"]

1. d4 d5 2. Nf3 Nf6 3. c4 e6 4. Bf4 Bd6 5. Bg5 h6 6. Bh4 Be7 7. e3 c6 8. Nc3
Nbd7 9. Rb1 b6 10. b4 O-O 11. c5 b5 12. Bd3 a5 13. a3 axb4 14. axb4 Nh7 15.
Bxe7 Qxe7 16. O-O e5 17. e4 Bb7 18. exd5 Ra3 19. Qc2 Ng5 20. Nxg5 hxg5 21. dxc6
Bxc6 22. d5 Nxc5 23. bxc5 Qxc5 24. Rb3 Bd7 25. Rxa3 Qxa3 26. Nxb5 Qa5 27. Nc7
Qb4 28. Rc1 Qf4 29. g3 Qf3 30. Qc3 Qh5 31. Qxe5 Re8 32. Nxe8 1-0

[Event "XVIII Weekend B"]
[Site "Ceriano Laghetto ITA"]
[Date "2009.03.27"]
[Round "1"]
[White "Rossi, Giampiero"]
[Black "Carbone, Lorenzo"]
[Result "1-0"]
[WhiteElo "1948"]
[BlackElo "1807"]
[PlyCount "51"]
[EventDate "2009.03.27"]

1. d4 d5 2. c4 e6 3. Nc3 Nf6 4. cxd5 exd5 5. Bg5 Be7 6. e3 O-O 7. Bd3 h6 8. Bh4
c6 9. Qc2 Nbd7 10. Nge2 c5 11. dxc5 Nxc5 12. O-O Nxd3 13. Qxd3 Be6 14. Rfd1 Bd6
15. Bxf6 Qxf6 16. Nxd5 Bxd5 17. Qxd5 Rfd8 18. Qb3 Rd7 19. Rd4 Rad8 20. Rad1 Qg5
21. Qd3 Qe5 22. g3 g5 23. Nc3 Kf8 24. Ne4 Ke7 25. Nxd6 Rxd6 26. Rxd6 1-0